La piedra arda / (Record no. 28354)

MARC details
000 -LEADER
fixed length control field 00607nam a22002297a 4500
001 - CONTROL NUMBER
control field sjds
003 - CONTROL NUMBER IDENTIFIER
control field sjds
005 - DATE AND TIME OF LATEST TRANSACTION
control field 20230918095934.0
008 - FIXED-LENGTH DATA ELEMENTS--GENERAL INFORMATION
fixed length control field 230918b |||||||| |||| 00| 0 spa d
020 ## - INTERNATIONAL STANDARD BOOK NUMBER
International Standard Book Number 8485334078
020 ## - INTERNATIONAL STANDARD BOOK NUMBER
International Standard Book Number 9788485334070
040 ## - CATALOGING SOURCE
Transcribing agency sjds
041 ## - LANGUAGE CODE
Language code of text/sound track or separate title spa
100 1# - MAIN ENTRY--PERSONAL NAME
Personal name Galeano, Eduardo
245 13 - TITLE STATEMENT
Title La piedra arda /
Statement of responsibility, etc. Eduardo Galeano, Luis de Horna
246 ## - VARYING FORM OF TITLE
Title proper/short title La piedra arda
260 ## - PUBLICATION, DISTRIBUTION, ETC. (IMPRINT)
Place of publication, distribution, etc. Salamanca :
Name of publisher, distributor, etc. Loguez,
Date of publication, distribution, etc. 1993
300 ## - PHYSICAL DESCRIPTION
Extent 1 volume (unpaged) :
Other physical details color illustrations ;
Dimensions 24 cm
650 #0 - SUBJECT ADDED ENTRY--TOPICAL TERM
Topical term or geographic name as entry element Children's stories, Uruguayan
700 1# - ADDED ENTRY--PERSONAL NAME
Personal name Horna, Luis de
942 ## - ADDED ENTRY ELEMENTS (KOHA)
Koha item type Libro/Book
Holdings
Withdrawn status Lost status Damaged status Not for loan Home library Current library Shelving location Date acquired Inventory number Total Checkouts Full call number Barcode Date last seen Date checked out Price effective from Koha item type
        San Juan Del Sur -- Biblioteca San Juan Del Sur -- Biblioteca Children's Area 20/10/2023 Inventory date: 15-5-25 1 JI ESPANOL 30030495 24/01/2025 07/09/2024 20/10/2023 Libro/Book

Powered by Koha